Heterogeneity and common pool resource management (Registro nro. 13128)

Detalles MARC
000 -CABECERA
Campo de control 005280000a22001450004500
090 ## - CLASIFICACIÓN LOCAL
Colección AR
Consecutivo 03237
041 0# - IDIOMA
Código de idioma para texto/pista de sonido o título separado
100 1# - ASIENTO PRINCIPAL--NOMBRE PERSONAL
Nombre personal Schlager, Edella
245 10 - MENCION DE TITULO
Título Heterogeneity and common pool resource management
260 ## - PUBLICACION, DISTRIBUCION, ETC. (PIE DE IMPRENTA)
Lugar de publicación, distribución, etc. Estados Unidos
Nombre del editor, distribuidor, etc. New horizons in environmental economics
Fecha de publicación, distribución, etc. 1998
650 14 - ASIENTO SECUNDARIO DE MATERIA - TERMINO TEMATICO
Término temático o nombre geográfico como elemento de entrada Economía institucional
700 1# - ASIENTO SECUNDARIO - NOMBRE PERSONAL
Nombre personal Blomquist, William
773 1# - Item fuente:
Título Edna Tusak Loehman and Marc Kilgour/Designing institutions for environmental and resource management
Paginas del Articulo 101-112
942 ## - ELEMENTOS ADICIONALES (KOHA)
Tipo de ítem Artículo
Existencias
Withdrawn status Lost status Damaged status No para préstamo Colección Ubicación Permanente Ubicación actual Fecha de adquisición Total Checkouts Número topográfico Inventario / Código de Barras Date last seen Ejemplar Price effective from Forma de adquisición Tipo de material
        Hemeroteca Villa de Leyva Villa de Leyva 27/02/2015   AR 03237 013993 25/03/2015 1 25/03/2015   Artículo